[Event "12. Lichtenberger Sommer"]
[Site "Berlin"]
[Date "2013.08.19"]
[Round "3.1"]
[White "Meister, Jakob"]
[Black "Kropman, Alexei"]
[Result "0-1"]
[WhiteElo "2517"]
[BlackElo "2085"]
[PlyCount "68"]
[EventDate "2013.??.??"]
[WhiteTeam "SK Zehlendorf e.V."]
[BlackTeam "SK König Tegel 1949 e.V."]

1. e4 e6 2. d4 d5 3. Nc3 Bb4 4. e5 Ne7 5. Bd2 c5 6. dxc5 O-O 7. Bd3 Nd7 8. Qh5
Ng6 9. Nf3 Nxc5 10. O-O Nxd3 11. cxd3 Be7 12. Rfe1 Bd7 13. Nd4 Bc5 14. Nb3 Bb6
15. Bg5 Qe8 16. Be3 Qe7 17. Bxb6 axb6 18. Re3 Qb4 19. d4 Qxb3 20. axb3 Rxa1+
21. Nd1 Nf4 22. Qf3 Bb5 23. Re1 Ne2+ 24. Kh1 Rc8 25. Qe3 Rcc1 26. Qd2 Nf4 27.
h4 Nd3 28. Kh2 Nxe1 29. Nc3 Ba6 30. Kg3 h6 31. Na4 Rc2 32. Qb4 Nd3 33. Qxb6
Rxf2 34. Nc5 Rg1 0-1

[Event "12. Lichtenberger Sommer"]
[Site "Berlin"]
[Date "2013.08.19"]
[Round "3.2"]
[White "Sawlin, Leonid"]
[Black "Rabiega, Robert"]
[Result "1/2-1/2"]
[WhiteElo "2021"]
[BlackElo "2506"]
[PlyCount "116"]
[EventDate "2013.??.??"]
[WhiteTeam "TuS Makkabi Berlin e.V."]
[BlackTeam "SK König Tegel 1949 e.V."]

1. e4 e5 2. Nf3 Nc6 3. d4 exd4 4. Nxd4 Nf6 5. Nxc6 bxc6 6. e5 Qe7 7. Qe2 Nd5 8.
c4 Ba6 9. g3 g6 10. b3 Bg7 11. Bb2 O-O 12. Bg2 Rae8 13. O-O Bxe5 14. Qxe5 Qxe5
15. Bxe5 Rxe5 16. cxd5 Bxf1 17. Kxf1 cxd5 18. Nc3 c6 19. Rd1 Rb8 20. Rd4 Rbe8
21. Rd1 d4 22. Na4 Re2 23. Bf3 Rxa2 24. Rxd4 d5 25. Rd3 Ra1+ 26. Kg2 Ree1 27.
Nc3 Kg7 28. g4 a5 29. Kg3 Rac1 30. Ne2 Rc5 31. g5 h6 32. h4 hxg5 33. hxg5 Kf8
34. Re3 Rc2 35. Nd4 Rxe3 36. fxe3 Rc3 37. Kf4 c5 38. Nc6 Rxb3 39. Nxa5 Ra3 40.
Nc6 Ra4+ 41. Ke5 Ra3 42. Kf4 Ra4+ 43. Ke5 c4 44. Bxd5 c3 45. Bb3 Rg4 46. Nd4
Rxg5+ 47. Ke4 Rc5 48. Kd3 g5 49. Bd1 Ke7 50. Ne2 g4 51. Nxc3 f5 52. e4 g3 53.
Bf3 Kf6 54. Ne2 fxe4+ 55. Bxe4 Rg5 56. Ke3 g2 57. Kf2 Ke5 58. Bxg2 Rxg2+
1/2-1/2

[Event "12. Lichtenberger Sommer"]
[Site "Berlin"]
[Date "2013.08.19"]
[Round "3.3"]
[White "Stern, Rene"]
[Black "Mahn, Franko"]
[Result "1-0"]
[WhiteElo "2504"]
[BlackElo "2172"]
[PlyCount "37"]
[EventDate "2013.??.??"]
[WhiteTeam "SK König Tegel 1949 e.V."]
[BlackTeam "SC Weisse Dame e.V."]

1. Nf3 c5 2. c4 Nc6 3. g3 g6 4. Bg2 Bg7 5. O-O e5 6. Nc3 Nge7 7. d3 d6 8. Bd2
O-O 9. a3 Be6 10. Rb1 a5 11. Ne1 d5 12. cxd5 Nxd5 13. Nc2 Nd4 14. Ne4 Nb3 15.
Ng5 Bc8 16. Bxd5 Nxd2 17. Bxf7+ Kh8 18. Qxd2 Bh6 19. f4 1-0

[Event "12. Lichtenberger Sommer"]
[Site "Berlin"]
[Date "2013.08.19"]
[Round "3.4"]
[White "Krefenstein, Sergej"]
[Black "Kalinitschew, Sergey"]
[Result "0-1"]
[WhiteElo "2101"]
[BlackElo "2442"]
[PlyCount "68"]
[EventDate "2013.??.??"]
[WhiteTeam "TuS Makkabi Berlin e.V."]
[BlackTeam "SC Kreuzberg e.V."]

1. d4 f5 2. Nf3 Nf6 3. Bf4 e6 4. e3 b6 5. Nc3 Bb7 6. a3 Be7 7. Bc4 c6 8. Qe2 d5
9. Bd3 O-O 10. Ne5 c5 11. Qf3 Ne4 12. h3 Bh4 13. g3 Bf6 14. h4 Nc6 15. Nxc6
Bxc6 16. Ne2 Qe8 17. Rd1 a5 18. O-O h6 19. Be5 Bxe5 20. dxe5 d4 21. Bxe4 Bxe4
22. Qf4 Bxc2 23. Rd2 d3 24. Rc1 Qb5 25. g4 Qxb2 26. Qc4 dxe2 27. Rdxc2 Qxe5 28.
Rxe2 fxg4 29. Qxg4 Rf6 30. Rb1 h5 31. Qg2 Rd8 32. Reb2 Kh7 33. Kf1 Qc3 34. Rxb6
Qd3+ 0-1

[Event "12. Lichtenberger Sommer"]
[Site "Berlin"]
[Date "2013.08.19"]
[Round "3.5"]
[White "Schleich, Theodor"]
[Black "Ross, Chris N"]
[Result "1/2-1/2"]
[WhiteElo "2051"]
[BlackElo "2240"]
[PlyCount "106"]
[EventDate "2013.??.??"]
[WhiteTeam "SK Siemens München"]
[BlackTeam "Schachgemeinschaft Niederkassel"]

1. d4 Nf6 2. Bg5 e6 3. e4 h6 4. Bxf6 Qxf6 5. c3 c5 6. Nf3 d6 7. Bd3 Nc6 8. O-O
e5 9. d5 Nb8 10. b4 Nd7 11. Qa4 cxb4 12. cxb4 Be7 13. Bb5 Bd8 14. Na3 Ke7 15.
Rac1 Nb6 16. Qb3 a6 17. Be2 Bd7 18. b5 a5 19. Rc2 Bg4 20. Nd4 Bc8 21. Nf3 Nd7
22. Nc4 Nc5 23. Qe3 b6 24. Ne1 Qf4 25. f3 Qxe3+ 26. Nxe3 Bd7 27. g3 g6 28. N1g2
Bc7 29. a4 Rac8 30. Rfc1 Nb3 31. Re1 Bb8 32. Nc4 Rc5 33. Nge3 Nd4 34. Rc3 f5
35. Kg2 fxe4 36. fxe4 Rf8 37. Nd1 Bc7 38. Nf2 Bd8 39. Bf1 g5 40. h3 Rf7 41.
Rec1 Rc8 42. Nd2 Rxc3 43. Rxc3 Rf8 44. Nf3 Nxf3 45. Rxf3 g4 46. hxg4 Rxf3 47.
Kxf3 Kf6 48. Be2 Kg6 49. Nd1 Kg5 50. Ne3 Bc8 51. Kg2 Be7 52. Nd1 Bd7 53. Nf2
Bd8 1/2-1/2

[Event "12. Lichtenberger Sommer"]
[Site "Berlin"]
[Date "2013.08.19"]
[Round "3.6"]
[White "Von Herman, Ulf"]
[Black "Stark, Ingo"]
[Result "1-0"]
[WhiteElo "2392"]
[BlackElo "2134"]
[PlyCount "43"]
[EventDate "2013.??.??"]
[WhiteTeam "SK König Tegel 1949 e.V."]
[BlackTeam "TSG Oberschöneweide e.V."]

1. c4 Nf6 2. Nc3 e6 3. d4 c5 4. d5 exd5 5. cxd5 Bd6 6. e4 Qe7 7. Bd3 Bc7 8. Nf3
d6 9. O-O a6 10. Bg5 Nbd7 11. Re1 h6 12. Bh4 O-O 13. e5 dxe5 14. Ne4 Bd6 15.
Nfd2 b5 16. Re3 Re8 17. Rg3 Kh8 18. Nxf6 Nxf6 19. Ne4 g5 20. Nxg5 hxg5 21. Bxg5
e4 22. Bxf6+ 1-0

[Event "12. Lichtenberger Sommer"]
[Site "Berlin"]
[Date "2013.08.19"]
[Round "3.7"]
[White "Brüdigam, Martin"]
[Black "Schmidt, Martin"]
[Result "1/2-1/2"]
[WhiteElo "2312"]
[BlackElo "2061"]
[PlyCount "107"]
[EventDate "2013.??.??"]
[WhiteTeam "USV Potsdam e.V., Abt. Schach"]
[BlackTeam "SC Borussia Friedrichsfelde 1920"]

1. d4 Nf6 2. c4 e6 3. g3 d5 4. Nf3 Be7 5. Bg2 O-O 6. O-O dxc4 7. Qc2 a6 8. a4
Bd7 9. Ne5 Nc6 10. Qxc4 b5 11. Nxc6 bxc4 12. Nxd8 Raxd8 13. Nd2 Rb8 14. Nxc4
Rb4 15. Ne5 Rxa4 16. Nxd7 Rxa1 17. Nxf8 Kxf8 18. Bf4 Rxf1+ 19. Kxf1 c5 20. dxc5
Bxc5 21. Bd2 Nd5 22. e4 Nb4 23. Ke2 Ke7 24. e5 Kd7 25. Be4 Nc6 26. f4 h5 27.
Be3 Bxe3 28. Kxe3 Kc7 29. Kd3 Kb6 30. Kc4 g6 31. b4 Na7 32. Bc2 Nb5 33. Ba4 Kc6
34. Bd1 Na3+ 35. Kc3 Nb5+ 36. Kd3 Nc7 37. Kc4 Nb5 38. Bf3+ Kb6 39. Be4 Nc7 40.
Bg2 Ne8 41. h3 Ng7 42. g4 hxg4 43. hxg4 Ne8 44. Be4 Nc7 45. f5 gxf5 46. gxf5
exf5 47. Bxf5 Ne6 48. Kd5 Ng5 49. Bd3 Nf3 50. Ke4 Nxe5 51. Kxe5 a5 52. b5 Kc5
53. Bc4 a4 54. Bxf7 1/2-1/2

[Event "12. Lichtenberger Sommer"]
[Site "Berlin"]
[Date "2013.08.19"]
[Round "3.8"]
[White "Petersen, Soren Boeck"]
[Black "Heerde, Thomas"]
[Result "1-0"]
[WhiteElo "2247"]
[BlackElo "2011"]
[PlyCount "67"]
[EventDate "2013.??.??"]
[WhiteTeam "Damhus Skakklub"]
[BlackTeam "SC Weisse Dame e.V."]

1. e4 d5 2. exd5 Qxd5 3. Nc3 Qa5 4. d4 c6 5. Nf3 Nf6 6. Bc4 Bf5 7. Bd2 e6 8.
Nd5 Qd8 9. Nxf6+ gxf6 10. Bb3 Nd7 11. Qe2 Qc7 12. O-O-O O-O-O 13. Nh4 Bg6 14.
g3 Bd6 15. Ng2 e5 16. Bc3 c5 17. dxc5 Nxc5 18. Ne3 Be4 19. f3 Nxb3+ 20. axb3
Bc6 21. Nd5 Bxd5 22. Rxd5 Bc5 23. Rhd1 Rxd5 24. Rxd5 Rd8 25. Rxd8+ Kxd8 26.
Qd3+ Qd7 27. Qxh7 Be3+ 28. Kb1 Qd1+ 29. Ka2 Ke7 30. Qe4 Bg1 31. Bb4+ Ke6 32. g4
Qd4 33. Qf5+ Kd5 34. Qd7# 1-0

[Event "12. Lichtenberger Sommer"]
[Site "Berlin"]
[Date "2013.08.19"]
[Round "3.9"]
[White "Hahlbohm, Matthias"]
[Black "Sieglen, Joachim"]
[Result "1-0"]
[WhiteElo "2115"]
[BlackElo "2270"]
[PlyCount "107"]
[EventDate "2013.??.??"]
[WhiteTeam "TSG Oberschöneweide e.V."]
[BlackTeam "SC Untergrombach 46"]

1. e4 e6 2. d4 d5 3. Nd2 Nf6 4. e5 Nfd7 5. Nb3 c5 6. c3 Nc6 7. Nf3 c4 8. Nbd2
b5 9. a3 f6 10. exf6 Qxf6 11. g3 Bd6 12. Bg2 O-O 13. O-O Bb7 14. Nh4 g5 15.
Nhf3 Kh8 16. h4 gxh4 17. Nxh4 Rg8 18. Ndf3 e5 19. dxe5 Ncxe5 20. Nd4 Nd3 21.
Nhf5 Bc5 22. b4 Bb6 23. Be3 N7e5 24. Qh5 Ng4 25. Bd2 Raf8 26. Nh6 Nxh6 27. Bxh6
Rd8 28. Be3 a6 29. Bh3 Bc8 30. Bxc8 Rxc8 31. a4 Rcd8 32. axb5 axb5 33. Ra6 Rd6
34. Rfa1 Bc7 35. Ra7 Rd7 36. Qh3 Re7 37. Nf5 Rd7 38. Nh6 Rgd8 39. R1a2 Qxc3 40.
Bg5 Rf8 41. Ra8 Qe1+ 42. Kh2 Bd8 43. Bxd8 Rxf2+ 44. Rxf2 Qxf2+ 45. Qg2 Qxg2+
46. Kxg2 Kg7 47. Bg5 Kg6 48. Bd2 d4 49. Ra6+ Kg7 50. Nf5+ Kf7 51. Bg5 Nxb4 52.
Rf6+ Kg8 53. Bh6 Rf7 54. Ne7+ 1-0

[Event "12. Lichtenberger Sommer"]
[Site "Berlin"]
[Date "2013.08.19"]
[Round "3.10"]
[White "Cusnariov, Nikolai"]
[Black "Moritz, Aron"]
[Result "1/2-1/2"]
[WhiteElo "2154"]
[BlackElo "2193"]
[PlyCount "47"]
[EventDate "2013.??.??"]
[WhiteTeam "USV Potsdam e.V., Abt. Schach"]
[BlackTeam "Sfrd. Berlin 1903 e.V."]

1. e4 c5 2. Nf3 d6 3. c3 Nf6 4. Be2 g6 5. O-O Bg7 6. Re1 O-O 7. Bf1 Qc7 8. h3
b6 9. d4 Bb7 10. d5 e6 11. dxe6 Nxe4 12. Qb3 d5 13. Nbd2 f5 14. Nxe4 fxe4 15.
Rxe4 c4 16. Bxc4 dxc4 17. Rxc4 Nc6 18. e7 Rf7 19. Ng5 Qxe7 20. Nxf7 Na5 21.
Rc8+ Rxc8 22. Nh6+ Kh8 23. Nf7+ Kg8 24. Nh6+ 1/2-1/2

[Event "12. Lichtenberger Sommer"]
[Site "Berlin"]
[Date "2013.08.19"]
[Round "3.11"]
[White "Vogel, Robert"]
[Black "Püschel, Werner"]
[Result "1-0"]
[WhiteElo "2256"]
[BlackElo "2106"]
[PlyCount "91"]
[EventDate "2013.??.??"]
[WhiteTeam "SG Pang-Rosenheim 1910 e.V."]
[BlackTeam "SG Lasker Steglitz-Wilmersdorf"]

1. d4 Nf6 2. c4 c5 3. d5 e6 4. Nc3 exd5 5. cxd5 d6 6. e4 g6 7. Bd3 Bg7 8. Nge2
O-O 9. O-O Re8 10. Ng3 Bd7 11. h3 Na6 12. Bf4 Qb6 13. Qd2 Rac8 14. Bc4 Nc7 15.
a4 a6 16. Qd3 Bf8 17. Bg5 Kg7 18. Rae1 Ng8 19. Bd2 f6 20. f4 Qa7 21. Ra1 Bxa4
22. Rxa4 b5 23. Nxb5 Nxb5 24. Rfa1 Nc7 25. Kh2 Qb7 26. Bc3 Ra8 27. Bxa6 Nxa6
28. Rxa6 Rxa6 29. Qxa6 Qxa6 30. Rxa6 Nh6 31. Kg1 Nf7 32. Kf2 Re7 33. Kf3 Rb7
34. Nf1 Be7 35. Ne3 h6 36. Nc4 Kh7 37. Na5 Rd7 38. Nc6 Kg7 39. e5 dxe5 40. fxe5
Nxe5+ 41. Nxe5 fxe5 42. Bxe5+ Kf7 43. Ke4 h5 44. d6 Bg5 45. Kd5 Be3 46. Rc6 1-0

[Event "12. Lichtenberger Sommer"]
[Site "Berlin"]
[Date "2013.08.19"]
[Round "3.12"]
[White "Reichenbach, Werner"]
[Black "Hertwig, Christopher"]
[Result "1/2-1/2"]
[WhiteElo "2279"]
[BlackElo "2052"]
[PlyCount "50"]
[EventDate "2013.??.??"]
[WhiteTeam "Schachclub Oberkrämer"]
[BlackTeam "SK König Tegel 1949 e.V."]

1. e4 e6 2. d4 d5 3. e5 c5 4. c3 Qb6 5. Nf3 Nc6 6. a3 Bd7 7. b4 cxd4 8. cxd4
Rc8 9. Bb2 Na5 10. Nbd2 Nc4 11. Nxc4 dxc4 12. Rc1 Qa6 13. Nd2 b5 14. Ne4 Bc6
15. f3 Be7 16. Be2 f5 17. Nc3 Bh4+ 18. g3 Bg5 19. Ra1 Qb7 20. Kf2 Ne7 21. f4
Bh6 22. Bf3 O-O 23. Bc1 Nd5 24. Bxd5 Bxd5 25. Re1 Rfd8 1/2-1/2

[Event "12. Lichtenberger Sommer"]
[Site "Berlin"]
[Date "2013.08.19"]
[Round "3.13"]
[White "Schneider, Christian"]
[Black "Kupfer, Michael"]
[Result "1/2-1/2"]
[WhiteElo "2221"]
[BlackElo "2018"]
[PlyCount "26"]
[EventDate "2013.??.??"]
[WhiteTeam "SG Blau-Weiß Stadtilm"]
[BlackTeam "SC Friesen Lichtenberg e.V."]

1. c4 e6 2. Nc3 d5 3. d4 c5 4. e3 Nf6 5. Nf3 a6 6. cxd5 exd5 7. Bd3 Bd6 8. dxc5
Bxc5 9. h3 Nc6 10. O-O O-O 11. a3 Ba7 12. e4 d4 13. Ne2 Re8 1/2-1/2

[Event "12. Lichtenberger Sommer"]
[Site "Berlin"]
[Date "2013.08.19"]
[Round "3.14"]
[White "Gaerths, Ronny"]
[Black "Alcer, Fabian"]
[Result "1-0"]
[WhiteElo "2221"]
[BlackElo "1776"]
[PlyCount "143"]
[EventDate "2013.??.??"]
[WhiteTeam "SG TT/Wiheil"]
[BlackTeam "SV Empor Berlin e.V."]

1. c4 e5 2. Nc3 Nf6 3. Nf3 Nc6 4. g3 d5 5. cxd5 Nxd5 6. Bg2 Nb6 7. O-O Be7 8.
a4 Be6 9. a5 Nd5 10. a6 b6 11. Qa4 Qd7 12. Nxd5 Bxd5 13. Nxe5 Nxe5 14. Qxd7+
Kxd7 15. Bxd5 c6 16. Bg2 Rad8 17. d4 Nc4 18. b3 Na5 19. Rb1 Kc7 20. Bf4+ Bd6
21. Bd2 Rhe8 22. e3 c5 23. Rfc1 Nc6 24. b4 Rb8 25. dxc5 bxc5 26. b5 Ne7 27.
Ba5+ Kd7 28. b6 Nc6 29. bxa7 Nxa7 30. Bb6 Nc8 31. a7 Nxb6 32. axb8=Q Rxb8 33.
Rc2 Ke7 34. Rcb2 Bc7 35. Rb5 Nd7 36. Rxb8 Nxb8 37. Ra1 Nd7 38. f4 f5 39. Kf2
Nf6 40. Bf3 h6 41. Ra7 Kd6 42. Ra6+ Ke7 43. Ke2 g5 44. Kd3 Bd6 45. Ra7+ Ke6 46.
h3 g4 47. hxg4 fxg4 48. Bd1 Kf5 49. Bc2 Nh5 50. e4+ Kf6 51. e5+ Bxe5 52. fxe5+
Kxe5 53. Rh7 Nxg3 54. Rxh6 Nf5 55. Rh8 g3 56. Ba4 Kf4 57. Bc6 c4+ 58. Kxc4 g2
59. Rg8 Ne3+ 60. Kd3 Ng4 61. Bxg2 Kg3 62. Bb7 Kf4 63. Kd4 Nh6 64. Rf8+ Kg5 65.
Bd5 Ng4 66. Be6 Nf6 67. Ke5 Nh7 68. Rf1 Kh6 69. Bf5 Ng5 70. Rh1+ Kg7 71. Rg1
Kh6 72. Kf6 1-0

[Event "12. Lichtenberger Sommer"]
[Site "Berlin"]
[Date "2013.08.19"]
[Round "3.15"]
[White "Schäfer, Heiko"]
[Black "Lerch, Philipp"]
[Result "0-1"]
[WhiteElo "2020"]
[BlackElo "2152"]
[PlyCount "118"]
[EventDate "2013.??.??"]
[WhiteTeam "Potsdamer SV Mitte e.V."]
[BlackTeam "SK König Tegel 1949 e.V."]

1. Nf3 Nf6 2. c4 c6 3. Nc3 d5 4. e3 g6 5. d4 Bg7 6. Qb3 O-O 7. Bd2 a6 8. a4 a5
9. Rc1 Na6 10. cxd5 cxd5 11. Nb5 Ne4 12. Be2 Bg4 13. h3 Bxf3 14. Bxf3 Nxd2 15.
Kxd2 e5 16. Bxd5 exd4 17. Nxd4 Nb4 18. Rc5 b6 19. Rb5 Bxd4 20. exd4 Rc8 21. Rc1
Rxc1 22. Kxc1 Qc7+ 23. Qc3 Qf4+ 24. Qe3 Rc8+ 25. Kb1 Qh2 26. Qe1 Qf4 27. Qe3
Qh2 28. Qe1 Qc7 29. Qd2 Rd8 30. Bb3 Qh2 31. Rxb6 Qg1+ 32. Qc1 Qxf2 33. Rb7 Qf5+
34. Ka1 Rf8 35. Qe1 Qf6 36. d5 Qd4 37. Qf1 Nd3 38. Ba2 Nc5 39. Rc7 Nxa4 40. Rb7
Nc5 41. Rxf7 Rxf7 42. d6 Nb3+ 43. Bxb3 Qa4+ 44. Bxa4 Rxf1+ 45. Ka2 Kf7 46. Bc6
Rc1 47. Ba4 Ke6 48. d7 Ke7 49. Kb3 Rc5 50. Ka3 Rc4 51. Bb5 Rb4 52. Ba4 Kd8 53.
b3 Rd4 54. Bc6 Ke7 55. Bb5 Rd2 56. g4 Rh2 57. Bc6 Rxh3 58. Ka4 Rg3 59. Kxa5
Rxg4 0-1

[Event "12. Lichtenberger Sommer"]
[Site "Berlin"]
[Date "2013.08.19"]
[Round "3.16"]
[White "Rohde, Wolfgang"]
[Black "Schabe, Felix"]
[Result "1-0"]
[WhiteElo "2171"]
[BlackElo "1746"]
[PlyCount "129"]
[EventDate "2013.??.??"]
[WhiteTeam "SC Friesen Lichtenberg e.V."]
[BlackTeam "SV Empor Berlin e.V."]

1. d4 Nf6 2. Nf3 g6 3. g3 Bg7 4. Bg2 O-O 5. O-O d6 6. c4 Nbd7 7. Nc3 e5 8. e4
c6 9. h3 exd4 10. Nxd4 Re8 11. Qc2 Nc5 12. Be3 Qc7 13. Rad1 Bd7 14. b4 Ne6 15.
Nce2 Rad8 16. Rfe1 c5 17. Nxe6 Bxe6 18. bxc5 dxc5 19. Nf4 Bd7 20. Nd5 Nxd5 21.
cxd5 b6 22. Bg5 Rc8 23. Bf4 Be5 24. d6 Qc6 25. Bxe5 Rxe5 26. Qc3 Ree8 27. e5
Qa4 28. Kh2 a5 29. Bd5 Be6 30. Bxe6 Rxe6 31. Qf3 Qd7 32. Qd5 Kf8 33. Re4 b5 34.
a4 b4 35. Rd3 c4 36. Rxc4 Rxc4 37. Qxc4 Rxe5 38. Qd4 f6 39. Rf3 Kg7 40. Rxf6
Kxf6 41. f4 b3 42. fxe5+ Kf7 43. Qc4+ Qe6 44. Qc7+ Ke8 45. h4 h5 46. Kg1 g5 47.
hxg5 h4 48. g6 b2 49. Qb8+ Kd7 50. Qxb2 Qxg6 51. Qb7+ Ke6 52. Qe7+ Kd5 53. Qxh4
Qb1+ 54. Kh2 Qc2+ 55. Kh3 Qc8+ 56. Qg4 Qh8+ 57. Kg2 Kxe5 58. d7 Qa8+ 59. Qf3
Qd8 60. Qd3 Ke6 61. Qd4 Kf5 62. g4+ Kg5 63. Kh3 Kg6 64. Qe4+ Kg7 65. Qe5+ 1-0

[Event "12. Lichtenberger Sommer"]
[Site "Berlin"]
[Date "2013.08.19"]
[Round "3.17"]
[White "Hermannsdörfer, Frank"]
[Black "Sappok, Marius"]
[Result "1-0"]
[WhiteElo "2228"]
[BlackElo "1971"]
[PlyCount "65"]
[EventDate "2013.??.??"]
[WhiteTeam "SV 1861 Liebschwitz"]
[BlackTeam "SC Zugzwang 95 e.V."]

1. b3 e5 2. Bb2 Nc6 3. e3 Nf6 4. Bb5 Bd6 5. Na3 Na5 6. Be2 c6 7. c4 Qe7 8. Nb1
Bc7 9. Nc3 d5 10. cxd5 cxd5 11. Nb5 Bd6 12. Nxd6+ Qxd6 13. Nf3 Nc6 14. Qc1 Bg4
15. Ba3 Qd7 16. Qb2 Bxf3 17. Bxf3 e4 18. Be2 a6 19. d3 exd3 20. Bxd3 Qg4 21.
O-O Qe6 22. Rac1 h5 23. Rfe1 h4 24. Qb1 Rh5 25. e4 d4 26. f4 h3 27. g3 Nd7 28.
e5 g6 29. Be4 Rd8 30. Bd6 Ndb8 31. Qd3 Rc8 32. Qf3 Rh7 33. f5 1-0

[Event "12. Lichtenberger Sommer"]
[Site "Berlin"]
[Date "2013.08.19"]
[Round "3.18"]
[White "Rehberg, Raphael"]
[Black "Schubert, Joachim"]
[Result "1-0"]
[WhiteElo "2151"]
[BlackElo "1814"]
[PlyCount "71"]
[EventDate "2013.??.??"]
[WhiteTeam "SG Lok Brandenburg, Abt. Schach"]
[BlackTeam "SC Friesen Lichtenberg e.V."]

1. e4 c5 2. Nf3 Nc6 3. Bb5 e6 4. Bxc6 bxc6 5. O-O Ne7 6. e5 Ng6 7. d3 d5 8.
exd6 Bxd6 9. Nbd2 O-O 10. Nc4 Ba6 11. Ng5 Bxc4 12. dxc4 Qc7 13. Qh5 h6 14. Ne4
Be5 15. Nxc5 Qe7 16. Nd3 Bc7 17. Bd2 Rab8 18. a3 Rfd8 19. Bb4 Qf6 20. Bc3 Qe7
21. Nb4 Nf4 22. Qf3 Qd6 23. g3 Rxb4 24. Bxb4 c5 25. Qxf4 e5 26. Qf3 cxb4 27.
Rfd1 Qb6 28. Rxd8+ Bxd8 29. axb4 Be7 30. Qa8+ Kh7 31. Rxa7 Qxb4 32. Qe4+ Kg8
33. Ra8+ Bf8 34. Qxe5 Kh7 35. Qf5+ Kg8 36. Re8 1-0

[Event "12. Lichtenberger Sommer"]
[Site "Berlin"]
[Date "2013.08.19"]
[Round "3.19"]
[White "Pronobis, Wiktor"]
[Black "McGowan, Daniel"]
[Result "0-1"]
[WhiteElo "1892"]
[BlackElo "2116"]
[PlyCount "79"]
[EventDate "2013.??.??"]
[WhiteTeam "SC Weisse Dame e.V."]
[BlackTeam "Sfrd. Berlin 1903 e.V."]

1. c4 f5 2. g3 Nf6 3. Bg2 g6 4. Nf3 Bg7 5. O-O O-O 6. d3 d6 7. Nc3 Nc6 8. Rb1
e5 9. e3 h6 10. b4 Qe8 11. b5 Nd8 12. Qc2 Be6 13. Nd2 c6 14. bxc6 bxc6 15. Ba3
Qd7 16. Qa4 Rf7 17. Qa5 Rc8 18. Na4 f4 19. Ne4 Nxe4 20. Bxe4 f3 21. Rfc1 Bh3
22. Bxg6 Bg2 23. Be4 Ne6 24. Bxf3 Bxf3 25. Qe1 Ng5 26. Rc2 Rcf8 27. Nc3 Nh3+
28. Kf1 Nf4 29. Kg1 Nxd3 30. Qf1 e4 31. Nd1 Be5 32. Nb2 Bxb2 33. Bxb2 Rf5 34.
h4 Rh5 35. Kh2 Qg4 36. Qg1 Kh7 37. Qf1 Rhf5 38. Bc3 R5f7 39. Rd2 Qe6 40. c5 0-1

[Event "12. Lichtenberger Sommer"]
[Site "Berlin"]
[Date "2013.08.19"]
[Round "3.20"]
[White "Giemsa, Stephan"]
[Black "Zesewitz, Martin"]
[Result "1-0"]
[WhiteElo "2312"]
[BlackElo "1863"]
[PlyCount "91"]
[EventDate "2013.??.??"]
[WhiteTeam "SK König Tegel 1949 e.V."]
[BlackTeam "SF Friedrichshagen"]

1. d4 f5 2. Nc3 e6 3. e4 fxe4 4. Nxe4 Be7 5. Bd3 Nf6 6. Nf3 O-O 7. Qe2 Nc6 8.
c3 d6 9. Neg5 e5 10. dxe5 Nxe5 11. Nxe5 dxe5 12. Bc4+ Nd5 13. Nxh7 Kxh7 14.
Qe4+ Bf5 15. Qxd5 Qxd5 16. Bxd5 Rad8 17. Bc4 Bc5 18. Be3 Bxe3 19. fxe3 Be4 20.
Rg1 Rd6 21. Be2 a5 22. Rd1 Rfd8 23. Rxd6 Rxd6 24. Bf3 Bb1 25. a3 a4 26. Rf1 Rf6
27. Bd1 Rxf1+ 28. Kxf1 Bd3+ 29. Ke1 Bb5 30. Bc2+ Kh6 31. Be4 b6 32. Kf2 Kg5 33.
Kg3 Be2 34. h4+ Kf6 35. Kf2 Bg4 36. Bc6 Bd1 37. Ke1 Bb3 38. Be4 Ke6 39. g4 Kf6
40. g5+ Ke7 41. h5 Bf7 42. h6 gxh6 43. gxh6 Kf6 44. h7 Kg7 45. Kf2 c6 46. Kg3
1-0